Post-crisis changes in banking and corporate landscapes <the> case of Thailand
Na minha lista:
| Autor principal: | |
|---|---|
| Formato: | Livro |
| Idioma: | inglês |
| Publicado em: |
Paris
OECD
2003
|
| Colecção: | Economics department working papers
No. 363 |
| Assuntos: | |
| Tags: |
Sem tags, seja o primeiro a adicionar uma tag!
|
MARC
| LEADER | 00000nam a2200000 4500 | ||
|---|---|---|---|
| 001 | 0024808 | ||
| 005 | 20240223110339.4 | ||
| 041 | 0 | |a eng | |
| 044 | |a FR | ||
| 245 | 1 | 0 | |a Post-crisis changes in banking and corporate landscapes |b <the> case of Thailand |c by Margit Molnar |
| 264 | 1 | |a Paris |b OECD |c 2003 | |
| 300 | |a 35 s. | ||
| 490 | 1 | |a Economics department working papers |v No. 363 | |
| 830 | 0 | |a Economics department working papers |v No. 363 | |
| 610 | 2 | 0 | |a bankovníctvo |
| 610 | 2 | 0 | |a banky |
| 610 | 2 | 0 | |a kríza banková |
| 610 | 2 | 0 | |a Thajsko |
| 100 | 1 | |a Molnar, Margit | |